00722nam a2200217 a 450000100060000000300090000600800410001504000280005608200160008410000310010024500160013126000270014730000070017449000200018150000460020165000320024765000300027994200120030999900170032195201660033813298CO-ViMGA141112s2004 ck r 000 u spa d aCO-ViMGAbspacCO-ViMGA04a320.1 M168p1 aMaquiavelo, Nicolas91949010aEl principe aCali : bAtenas, csf. a29 aLiteratura No.8 aResumido y analizado por Jorge Velasco. 14aCIENCIAS PolíticaS94785214aética Política914379 2ddccBK c24046d24046 00102ddc40708002aMEVIECARbMEVIECARd2015-12-04hVolumen. 1 | 11/jun/2009l1m1o320.1 M168p p13298r2022-08-10 00:00:00s2022-05-24tEj. 1w2015-12-04yBK